Նարեկ : (Record no. 94660)
[ view plain ]
| 000 -LEADER | |
|---|---|
| fixed length control field | 01139nam a2200229 a 4500 |
| 001 - CONTROL NUMBER | |
| control field | 000261558 |
| 003 - CONTROL NUMBER IDENTIFIER | |
| control field | AM-YEHGA |
| 005 - DATE AND TIME OF LATEST TRANSACTION | |
| control field | 20250924100446.0 |
| 008 - FIXED-LENGTH DATA ELEMENTS--GENERAL INFORMATION | |
| fixed length control field | 030912s1926 tu a 000 0|arm|d |
| 040 ## - CATALOGING SOURCE | |
| Original cataloging agency | AM-YEHGA |
| 041 1# - LANGUAGE CODE | |
| Language code of text/sound track or separate title | arm |
| 100 0# - MAIN ENTRY--PERSONAL NAME | |
| Personal name | Գրիգոր Նարեկացի, |
| Dates associated with a name | 940-1003 |
| 9 (RLIN) | 1557 |
| 245 10 - TITLE STATEMENT | |
| Title | Նարեկ : |
| Remainder of title | Ողբերգութիւն / |
| Statement of responsibility, etc. | Ս. Գրիգոր Նարեկացի; Աշխարհաբ. վերած.՝ Գարեգին եպիսկոպոս Տրապիզոն; Առաջաբ.՝ Ֆ.Ու. Մաքալըմ. |
| 260 ## - PUBLICATION, DISTRIBUTION, ETC. | |
| Place of publication, distribution, etc. | Կ. Պոլիս : |
| Name of publisher, distributor, etc. | տպ. Յ.Մ. Սէթեան, |
| Date of publication, distribution, etc. | 1926. |
| 300 ## - PHYSICAL DESCRIPTION | |
| Extent | ԼԹ, 549 էջ : |
| Other physical details | նկ. ; |
| Dimensions | 16 սմ. |
| 500 ## - GENERAL NOTE | |
| General note | Իր նարեկամրմունջ հօր Կ. Պոլսեցի Մհտ. Աստուածատուր Խ. Խաչատուրեանի (1829-1914) յիշատակին կը նուիրէ թարգմանիչը |
| 504 ## - BIBLIOGRAPHY, ETC. NOTE | |
| Bibliography, etc. note | Տողատ. ծանոթ. |
| 650 14 - SUBJECT ADDED ENTRY--TOPICAL TERM | |
| Topical term or geographic name entry element | Հայ գրականություն |
| General subdivision | Պոեզիա |
| 700 1# - ADDED ENTRY--PERSONAL NAME | |
| Personal name | Խաչատուրյան, Գարեգին, |
| Titles and other words associated with a name | Արքեպիսկոպոս, |
| Dates associated with a name | 1880-1961 |
| Relator term | թարգմ. |
| Relationship | trl |
| 9 (RLIN) | 3605 |
| 700 1# - ADDED ENTRY--PERSONAL NAME | |
| Personal name | Մաքալըմ, Ֆ.Ու. |
| Relator term | առաջաբ. |
| Relationship | aui |
| 942 ## - ADDED ENTRY ELEMENTS (KOHA) | |
| Source of classification or shelving scheme | Universal Decimal Classification |
| Koha item type | Գրքեր / Books |
| Withdrawn status | Lost status | Damaged status | Not for loan | Collection | Home library | Current library | Date acquired | Total checkouts | Full call number | Barcode | Date last seen | Price effective from | Koha item type | Public note |
|---|---|---|---|---|---|---|---|---|---|---|---|---|---|---|
| General | Fundamental Scientific Library | Fundamental Scientific Library | 22/12/2016 | AI/13879 | FL0052505 | 22/12/2016 | 22/12/2016 | Գրքեր / Books | 30 Days Loan | |||||
| General | Fundamental Scientific Library | Fundamental Scientific Library | 22/12/2016 | AI/455 | FL0079130 | 22/12/2016 | 22/12/2016 | Գրքեր / Books | 30 Days Loan | |||||
| General | Fundamental Scientific Library | Fundamental Scientific Library | 22/12/2016 | AI/5277 | FL0040607 | 22/12/2016 | 22/12/2016 | Գրքեր / Books | 30 Days Loan | |||||
| Zhamkochyan Individual collection | Fundamental Scientific Library | Fundamental Scientific Library | 09/07/2025 | Ժամ/822 | FL0693242 | 09/07/2025 | 09/07/2025 | Գրքեր / Books | ILL Non-Circ. |
ՀՀ Գիտությունների ազգային ակադեմիայի հիմնարար գիտական գրադարան = Fundamental Scientific Library of NAS RA
All site content, except where otherwise noted, is licensed under a